000 01316nab a22002657a 4500
999 _c6408
_d6408
003 OSt
005 20260202113501.0
008 190429b xxu||||| |||| 00| 0 spa d
040 _cPJ
100 _96543
_aRuiz Gordillo, Franklin Martín
245 1 3 _aEl compliance del comercio internacional de mercancías y su ámbito aduanero /
_cFranklin Martín Ruiz Gordillo, Juan Antonio Barragán Cabral.
260 _cCiudad Autónoma de Buenos Aires :
_aThomson Reuters La Ley,
_b2023.
300 _ap. 129-147
500 _aCita Online: AR/DOC/1521/2023.
505 _aSumario: I. Introducción.— II. Enfoque basado en Riesgos.— III. Recomendaciones para el debido cumplimiento del régimen de prevención de lavado de dinero y financiamiento al terrorismo.— IV. Conclusión.— V. Bibliografía.
505 _tSi te interesa el texto completo, solicitalo a koha@justierradelfuego.gov.ar
650 0 _9343
_aDERECHO PENAL
650 0 _93232
_aDERECHO ADUANERO
650 0 _9296
_aCOMERCIO EXTERIOR
650 0 _aLAVADO DE ACTIVOS
_93064
650 0 _aADUANAS
_93235
700 _97044
_aBarragán Cabral, Juan Antonio
773 0 _02658
_93164
_tRevista de derecho penal y criminología. Nº 7 - Agosto 2023
_dCiudad Autónoma de Buenos Aires : Thomson Reuters La Ley, 2017-
_x00347914
942 _2udc
_cANA